|
|
|
|
| LEADER |
00000nab a2200000 a 4500 |
| 001 |
vtls011537853 |
| 003 |
SK-MaSNL |
| 005 |
20260304032715.0 |
| 008 |
230629|1957 xo |||||||||||||||||slo| |
| 015 |
|
|
|a SNBRB
|
| 035 |
|
|
|a (urnnbn)urn:nbn:sk:snk:ar-006btm
|
| 035 |
|
|
|a (uuid)1ced4b0d-002e-4f61-9823-e7b2677da8d9
|
| 035 |
|
|
|a urn:nbn:sk:snk-abewp2
|
| 040 |
|
|
|a SNKBUCL
|b slo
|c SNKBUCL
|e AACR2
|
| 041 |
0 |
|
|a slo
|
| 044 |
|
|
|a xo
|c SK
|
| 100 |
1 |
|
|a Kotvan, Imrich,
|d 1910-1984
|4 aut
|9 101596
|
| 245 |
1 |
0 |
|a Katalóg prvotlačí Univerzitnej knižnice v Bratislave
|b odpoveď dr. Borisovi Bálentovi
|c Imrich Kotvan
|
| 610 |
2 |
7 |
|a Univerzitná knižnica v Bratislave
|2 SNKKA
|9 192279
|
| 650 |
0 |
7 |
|a prvotlače
|2 SNKPH
|9 70449
|
| 773 |
0 |
|
|t Slovenská literatúra
|g Roč. 4, č. 3 (1957), s. 414-416
|
| 954 |
|
|
|a odborná, vedecká literatúra pôvodná (slovenská)
|2 lita
|
| 958 |
|
|
|a OND
|
| 958 |
|
|
|a EUIPO
|
| 958 |
|
|
|a article22
|
| 999 |
|
|
|c 2644530
|d 2646460
|